Effect of vesicular-arbuscular mycorrhizae on seeedlings of Hevea and Pueraria phaseoloides (Record no. 58228)

MARC details
000 -LEADER
fixed length control field 00527nam a2200169Ia 4500
100 ## - MAIN ENTRY--AUTHOR NAME
Personal name Jayaratne A H R
245 #0 - TITLE STATEMENT
Title Effect of vesicular-arbuscular mycorrhizae on seeedlings of Hevea and Pueraria phaseoloides
260 ## - PUBLICATION, DISTRIBUTION, ETC. (IMPRINT)
Name of publisher Journal of the Rubber Research Institute of Sri Lanka
Year of publication 1984
300 ## - PHYSICAL DESCRIPTION
Number of Pages 75-84
650 ## - SUBJECT ADDED ENTRY--TOPICAL TERM
Topical Term Hevea seedlings
650 ## - SUBJECT ADDED ENTRY--TOPICAL TERM
Topical Term Mycorrhizae
650 ## - SUBJECT ADDED ENTRY--TOPICAL TERM
Topical Term Pueraria phaseoloides
700 ## - ADDED ENTRY--PERSONAL NAME
Personal name Peries O S
700 ## - ADDED ENTRY--PERSONAL NAME
Personal name Waidyanatha U P de S
942 ## - ADDED ENTRY ELEMENTS (KOHA)
Koha item type Journals
Holdings
Withdrawn status Lost status Damaged status Not for loan Home library Current library Shelving location Date acquired Serial Enumeration / chronology Koha item type
      Journals RRII Library RRII Library Pathology 17/12/2021 Volume 62, Issue Journals